[Event "13th Khazar International Open Chess Tournament - "]
[Site "Rasht, Iran"]
[Date "2015.02.17"]
[Round "9"]
[Board "5"]
[White "Tarlev, Konstantin"]
[Black "Khoshkalam, Seyed Mehrab"]
[Result "1-0"]
[WhiteElo "2557"]
[BlackElo "2208"]
[PlyCount "0"]
[EventDate "2015.02.11"]
[EventRounds "9"]
[EventCountry "IRI"]

1. d4 {[%clk 1:30:24]} Nf6 {[%clk 1:30:26]} 2. Bg5 {[%clk 1:29:57]} d5
{[%clk 1:29:10]} 3. Nd2 {[%clk 1:29:03]} Nbd7 {[%clk 1:28:49]} 4. Ngf3
{[%clk 1:29:01]} e6 {[%clk 1:28:23]} 5. e4 {[%clk 1:27:15]} dxe4 {[%clk 1:28:42]}
6. Nxe4 {[%clk 1:27:43]} Be7 {[%clk 1:29:03]} 7. Nxf6+ {[%clk 1:27:30]} Bxf6
{[%clk 1:29:11]} 8. Qd2 {[%clk 1:23:33]} O-O {[%clk 1:24:07]} 9. Bd3
{[%clk 1:23:47]} e5 {[%clk 1:04:16]} 10. Be2 {[%clk 0:51:47]} Bxg5
{[%clk 1:01:02]} 11. Nxg5 {[%clk 0:52:08]} exd4 {[%clk 1:01:21]} 12. O-O-O
{[%clk 0:52:35]} c5 {[%clk 1:00:40]} 13. Rhe1 {[%clk 0:52:59]} Nf6
{[%clk 0:57:40]} 14. Bc4 {[%clk 0:53:26]} Bg4 {[%clk 0:57:36]} 15. f3
{[%clk 0:53:40]} Bd7 {[%clk 0:53:30]} 16. Re5 {[%clk 0:40:13]} Rc8
{[%clk 0:48:36]} 17. Rde1 {[%clk 0:39:14]} b5 {[%clk 0:45:32]} 18. Bxf7+
{[%clk 0:38:46]} Rxf7 {[%clk 0:45:04]} 19. Nxf7 {[%clk 0:39:14]} Kxf7
{[%clk 0:45:24]} 20. g4 {[%clk 0:39:43]} Kg8 {[%clk 0:37:26]} 21. Re7
{[%clk 0:34:40]} Bc6 {[%clk 0:29:01]} 22. Qg5 {[%clk 0:32:45]} Qf8
{[%clk 0:29:17]} 23. Qf5 {[%clk 0:28:38]} Nd5 {[%clk 0:23:01]} 24. Rf7
{[%clk 0:26:30]} Qd8 {[%clk 0:22:30]} 25. Rxa7 {[%clk 0:26:19]} Kh8
{[%clk 0:18:22]} 26. Re6 {[%clk 0:21:43]} Bd7 {[%clk 0:13:38]} 27. Qxd5
{[%clk 0:20:52]} Bxe6 {[%clk 0:14:03]} 28. Qxe6 {[%clk 0:21:19]} Qg5+
{[%clk 0:14:27]} 29. Kb1 {[%clk 0:20:09]} Rg8 {[%clk 0:12:53]} 30. Re7
{[%clk 0:18:19]} Qd2 {[%clk 0:08:29]} 31. Qe2 {[%clk 0:18:04]} Qa5
{[%clk 0:08:25]} 32. a3 {[%clk 0:06:05]} b4 {[%clk 0:07:45]} 33. Re8
{[%clk 0:05:43]} h6 {[%clk 0:07:54]} 34. Rxg8+ {[%clk 0:06:06]} Kxg8
{[%clk 0:08:23]} 35. Qc4+ {[%clk 0:06:22]} Kh8 {[%clk 0:08:16]} 36. axb4
{[%clk 0:06:45]} Qc7 {[%clk 0:07:34]} 37. bxc5 {[%clk 0:06:37]} Qxh2
{[%clk 0:07:47]} 38. Qxd4 {[%clk 0:06:50]} Qh1+ {[%clk 0:08:03]} 39. Ka2
{[%clk 0:07:17]} Qxf3 {[%clk 0:08:28]} 1-0

[Event "13th Khazar International Open Chess Tournament - "]
[Site "Rasht, Iran"]
[Date "2015.02.17"]
[Round "9"]
[Board "6"]
[White "Firouzja, Alireza"]
[Black "Lazarev, Vladimir"]
[Result "1/2-1/2"]
[WhiteElo "2305"]
[BlackElo "2361"]
[PlyCount "0"]
[EventDate "2015.02.11"]
[EventRounds "9"]
[EventCountry "IRI"]

1. Nf3 Nf6 {[%clk 1:19:15]} 2. b3 {[%clk 1:31:19]} d5 {[%clk 1:16:23]} 3. Bb2
{[%clk 1:31:41]} Bg4 {[%clk 1:13:32]} 4. h3 {[%clk 1:15:51]} Bxf3
{[%clk 0:56:28]} 5. gxf3 {[%clk 1:16:08]} g6 {[%clk 0:55:29]} 6. e3
{[%clk 1:15:58]} Bg7 {[%clk 0:55:35]} 7. f4 {[%clk 1:16:20]} e6 {[%clk 0:54:05]}
8. Bg2 {[%clk 1:15:14]} O-O {[%clk 0:48:48]} 9. O-O {[%clk 1:10:11]} c5
{[%clk 0:42:57]} 10. c4 {[%clk 1:09:04]} Nc6 {[%clk 0:42:40]} 11. Nc3
{[%clk 0:50:18]} Rc8 {[%clk 0:38:58]} 12. cxd5 {[%clk 0:39:53]} Nxd5
{[%clk 0:30:02]} 13. Na4 {[%clk 0:39:21]} Bxb2 {[%clk 0:25:16]} 14. Nxb2
{[%clk 0:39:36]} Qf6 {[%clk 0:25:32]} 15. Nd3 {[%clk 0:35:44]} b6
{[%clk 0:25:29]} 16. Qe2 {[%clk 0:35:14]} Rfd8 {[%clk 0:25:14]} 17. a3
{[%clk 0:33:13]} Na5 {[%clk 0:21:44]} 18. b4 {[%clk 0:32:10]} Nb3
{[%clk 0:21:31]} 19. Rab1 {[%clk 0:31:57]} c4 {[%clk 0:21:41]} 20. Ne5
{[%clk 0:31:34]} b5 {[%clk 0:18:18]} 21. Rfd1 {[%clk 0:30:35]} Qe7
{[%clk 0:15:53]} 22. Qg4 {[%clk 0:21:00]} a5 {[%clk 0:13:47]} 23. bxa5
{[%clk 0:19:22]} Qxa3 {[%clk 0:12:10]} 24. Qh4 {[%clk 0:19:31]} Kg7
{[%clk 0:09:14]} 25. f5 {[%clk 0:08:41]} Qe7 {[%clk 0:04:45]} 26. Qxe7
{[%clk 0:06:57]} Nxe7 {[%clk 0:05:14]} 27. d3 {[%clk 0:04:27]} Nxa5
{[%clk 0:03:43]} 28. Rxb5 {[%clk 0:04:24]} Nac6 {[%clk 0:03:52]} 29. Nxc4
{[%clk 0:04:39]} gxf5 {[%clk 0:03:19]} 30. Rb7 {[%clk 0:03:29]} Rb8
{[%clk 0:02:59]} 31. Rxb8 {[%clk 0:03:39]} Rxb8 {[%clk 0:03:07]} 32. d4
{[%clk 0:04:02]} Rb4 {[%clk 0:03:07]} 33. Rc1 {[%clk 0:03:27]} f4
{[%clk 0:02:57]} 34. Nd6 {[%clk 0:03:29]} fxe3 {[%clk 0:02:50]} 35. fxe3
{[%clk 0:03:51]} Rb6 {[%clk 0:03:02]} 36. Nc4 {[%clk 0:03:28]} Rb4
{[%clk 0:02:56]} 37. Nd6 {[%clk 0:02:55]} Rb6 {[%clk 0:03:18]} 38. Nc4
{[%clk 0:01:48]} 1/2-1/2

[Event "13th Khazar International Open Chess Tournament - "]
[Site "Rasht, Iran"]
[Date "2015.02.17"]
[Round "9"]
[Board "7"]
[White "Asgharzadeh, M.Reza"]
[Black "Ziatdinov, Raset"]
[Result "1-0"]
[WhiteElo "2142"]
[BlackElo "2345"]
[PlyCount "0"]
[EventDate "2015.02.11"]
[EventRounds "9"]
[EventCountry "IRI"]

1. d4 {[%clk 1:30:43]} Nf6 {[%clk 1:30:54]} 2. c4 {[%clk 1:30:24]} e6
{[%clk 1:30:10]} 3. Nc3 {[%clk 1:30:40]} Bb4 {[%clk 1:30:23]} 4. e3
{[%clk 1:30:56]} O-O {[%clk 1:30:29]} 5. Nge2 {[%clk 1:31:15]} d5
{[%clk 1:30:47]} 6. a3 {[%clk 1:31:34]} Be7 {[%clk 1:31:03]} 7. Ng3
{[%clk 1:28:41]} b6 {[%clk 1:29:28]} 8. cxd5 {[%clk 1:26:59]} exd5
{[%clk 1:29:55]} 9. Bd3 {[%clk 1:24:33]} Re8 {[%clk 1:29:45]} 10. O-O
{[%clk 1:24:16]} Bb7 {[%clk 1:27:27]} 11. b4 {[%clk 1:20:35]} g6 {[%clk 1:22:03]}
12. Bb2 {[%clk 1:16:22]} Nbd7 {[%clk 1:21:23]} 13. b5 {[%clk 1:13:19]} h5
{[%clk 1:19:25]} 14. a4 {[%clk 1:08:56]} h4 {[%clk 1:13:41]} 15. Nge2
{[%clk 1:08:54]} Ne4 {[%clk 1:14:04]} 16. Nxe4 {[%clk 1:01:06]} dxe4
{[%clk 1:13:16]} 17. Bc4 {[%clk 1:01:30]} Nf6 {[%clk 1:09:07]} 18. Nf4
{[%clk 0:54:25]} g5 {[%clk 1:02:42]} 19. Ng6 {[%clk 0:52:02]} Bd5
{[%clk 1:01:27]} 20. Bxd5 {[%clk 0:37:37]} Nxd5 {[%clk 1:01:16]} 21. Qh5
{[%clk 0:26:08]} Bf6 {[%clk 0:57:56]} 22. Ne5 {[%clk 0:26:05]} Qe7
{[%clk 0:57:40]} 23. Rac1 {[%clk 0:24:12]} Bg7 {[%clk 0:55:57]} 24. Ba3
{[%clk 0:20:56]} Qf6 {[%clk 0:52:43]} 25. f3 {[%clk 0:18:03]} Nxe3
{[%clk 0:50:56]} 26. fxe4 {[%clk 0:17:37]} Nxf1 {[%clk 0:48:27]} 27. Rxf1
{[%clk 0:18:05]} Qe6 {[%clk 0:47:13]} 28. Rxf7 {[%clk 0:12:35]} Qh6
{[%clk 0:44:33]} 29. Qf3 {[%clk 0:13:03]} Rad8 {[%clk 0:26:25]} 30. Rxc7
{[%clk 0:10:08]} Qe6 {[%clk 0:23:41]} 31. Nc6 {[%clk 0:03:04]} Bxd4+
{[%clk 0:20:03]} 32. Nxd4 {[%clk 0:01:39]} Rxd4 {[%clk 0:20:20]} 33. Qh5
{[%clk 0:02:01]} Rd7 {[%clk 0:19:06]} 34. Rxd7 {[%clk 0:02:06]} Qxd7
{[%clk 0:18:59]} 35. Qg6+ {[%clk 0:02:30]} 1-0

[Event "13th Khazar International Open Chess Tournament - "]
[Site "Rasht, Iran"]
[Date "2015.02.17"]
[Round "9"]
[Board "8"]
[White "Papin, Vasily"]
[Black "Grabliauskas, Virginijus"]
[Result "1-0"]
[WhiteElo "2515"]
[BlackElo "2323"]
[PlyCount "0"]
[EventDate "2015.02.11"]
[EventRounds "9"]
[EventCountry "IRI"]

1. d4 {[%clk 1:30:57]} e6 {[%clk 1:26:45]} 2. c4 {[%clk 1:31:08]} b6
{[%clk 1:26:51]} 3. Nf3 {[%clk 1:29:13]} Bb7 {[%clk 1:26:45]} 4. a3
{[%clk 1:29:39]} Nf6 {[%clk 1:25:42]} 5. Nc3 {[%clk 1:29:26]} d5 {[%clk 1:26:03]}
6. cxd5 {[%clk 1:29:20]} Nxd5 {[%clk 1:26:25]} 7. Qc2 {[%clk 1:30:16]} Nxc3
{[%clk 1:25:35]} 8. bxc3 {[%clk 1:30:41]} Nd7 {[%clk 1:23:10]} 9. e4
{[%clk 1:30:03]} c5 {[%clk 1:20:45]} 10. Bf4 {[%clk 1:29:52]} cxd4
{[%clk 1:10:20]} 11. cxd4 {[%clk 1:28:00]} Rc8 {[%clk 1:09:01]} 12. Qb3
{[%clk 1:28:20]} Be7 {[%clk 0:48:46]} 13. Bd3 {[%clk 1:27:35]} O-O
{[%clk 0:43:12]} 14. O-O {[%clk 1:27:30]} Nf6 {[%clk 0:40:08]} 15. Rfe1
{[%clk 1:27:13]} Re8 {[%clk 0:33:21]} 16. a4 {[%clk 1:21:41]} Nh5
{[%clk 0:24:43]} 17. Bd2 {[%clk 1:19:57]} Bd6 {[%clk 0:23:23]} 18. Bb5
{[%clk 1:16:56]} Re7 {[%clk 0:21:06]} 19. e5 {[%clk 1:15:16]} Bb8
{[%clk 0:21:31]} 20. g4 {[%clk 1:13:11]} Nf6 {[%clk 0:15:14]} 21. exf6
{[%clk 1:12:20]} gxf6 {[%clk 0:15:42]} 22. Bf1 {[%clk 1:07:21]} Kh8
{[%clk 0:14:33]} 23. Bg2 {[%clk 1:06:51]} Qg8 {[%clk 0:14:42]} 24. h3
{[%clk 1:06:50]} 1-0

[Event "13th Khazar International Open Chess Tournament - "]
[Site "Rasht, Iran"]
[Date "2015.02.17"]
[Round "9"]
[Board "9"]
[White "Asgari, Morteza"]
[Black "Sheykhhasani, Bardia"]
[Result "1-0"]
[WhiteElo "2193"]
[BlackElo "2328"]
[PlyCount "0"]
[EventDate "2015.02.11"]
[EventRounds "9"]
[EventCountry "IRI"]

1. e4 {[%clk 1:30:53]} e6 {[%clk 1:28:47]} 2. d4 {[%clk 1:31:12]} d5
{[%clk 1:29:06]} 3. Nc3 {[%clk 1:31:10]} Bb4 {[%clk 1:28:44]} 4. e5
{[%clk 1:31:16]} c5 {[%clk 1:29:05]} 5. a3 {[%clk 1:31:42]} Bxc3+
{[%clk 1:29:14]} 6. bxc3 {[%clk 1:32:10]} Ne7 {[%clk 1:28:23]} 7. Qg4
{[%clk 1:32:29]} O-O {[%clk 1:27:38]} 8. Bd3 {[%clk 1:32:08]} f5 {[%clk 1:26:32]}
9. exf6 {[%clk 1:32:13]} Rxf6 {[%clk 1:26:56]} 10. Bg5 {[%clk 1:30:55]} Rf7
{[%clk 1:27:15]} 11. Qh5 {[%clk 1:31:16]} g6 {[%clk 1:27:32]} 12. Qd1
{[%clk 1:31:43]} Qa5 {[%clk 1:24:00]} 13. Bd2 {[%clk 1:31:51]} c4
{[%clk 1:23:39]} 14. Be2 {[%clk 1:31:50]} Nbc6 {[%clk 1:23:55]} 15. Nf3
{[%clk 1:26:28]} Nf5 {[%clk 1:20:17]} 16. O-O {[%clk 1:04:19]} Nd6
{[%clk 1:08:51]} 17. Ng5 {[%clk 1:04:16]} Rf6 {[%clk 1:08:47]} 18. Bf3
{[%clk 0:53:46]} Bd7 {[%clk 0:56:57]} 19. Re1 {[%clk 0:42:48]} Raf8
{[%clk 0:49:26]} 20. Bg4 {[%clk 0:42:47]} Nd8 {[%clk 0:39:05]} 21. a4
{[%clk 0:35:00]} h6 {[%clk 0:33:34]} 22. Nf3 {[%clk 0:34:49]} h5 {[%clk 0:30:43]}
23. Ne5 {[%clk 0:34:53]} Be8 {[%clk 0:26:07]} 24. Bf3 {[%clk 0:33:45]} N6f7
{[%clk 0:24:22]} 25. Qe2 {[%clk 0:28:10]} Nxe5 {[%clk 0:21:52]} 26. Qxe5
{[%clk 0:28:16]} Nc6 {[%clk 0:19:04]} 27. Qe2 {[%clk 0:23:10]} Bd7
{[%clk 0:15:23]} 28. Qd1 {[%clk 0:20:47]} Rf5 {[%clk 0:09:18]} 29. Ra3
{[%clk 0:16:06]} Qb6 {[%clk 0:07:52]} 30. Bh6 {[%clk 0:12:47]} R8f6
{[%clk 0:06:08]} 31. Qd2 {[%clk 0:12:45]} Kh7 {[%clk 0:03:50]} 32. Be3
{[%clk 0:11:15]} Qc7 {[%clk 0:02:18]} 33. Be2 {[%clk 0:11:19]} Qd6
{[%clk 0:01:09]} 34. Raa1 {[%clk 0:11:45]} Rf8 {[%clk 0:01:14]} 35. h3
{[%clk 0:11:08]} Ne7 {[%clk 0:01:09]} 36. Rf1 {[%clk 0:10:06]} Ng8
{[%clk 0:00:51]} 37. g4 {[%clk 0:09:29]} R5f7 {[%clk 0:00:51]} 38. Kg2
{[%clk 0:09:21]} Nf6 {[%clk 0:00:54]} 39. f3 {[%clk 0:09:48]} Bc6
{[%clk 0:00:50]} 40. Qe1 {[%clk 0:07:29]} Rg8 {[%clk 0:00:45]} 41. Qh4
{[%clk 0:07:34]} e5 {[%clk 0:00:57]} 42. Qg5 {[%clk 0:07:36]} Re8
{[%clk 0:00:58]} 43. Rf2 {[%clk 0:06:31]} Ng8 {[%clk 0:00:46]} 44. gxh5
{[%clk 0:04:57]} Rf5 {[%clk 0:00:51]} 45. hxg6+ {[%clk 0:04:39]} Qxg6
{[%clk 0:01:20]} 46. Qxg6+ {[%clk 0:04:42]} Kxg6 {[%clk 0:01:49]} 47. a5
{[%clk 0:04:23]} Nf6 {[%clk 0:01:56]} 48. Rg1 {[%clk 0:04:09]} Nh5
{[%clk 0:01:18]} 49. Kf1+ {[%clk 0:03:49]} Kh7 {[%clk 0:00:58]} 50. dxe5
{[%clk 0:03:55]} Rfxe5 {[%clk 0:00:48]} 51. Bd4 {[%clk 0:04:11]} Rf5
{[%clk 0:00:58]} 52. Rg4 {[%clk 0:02:31]} Nf4 {[%clk 0:00:57]} 53. Bxa7
{[%clk 0:01:28]} Nxe2 {[%clk 0:01:00]} 54. Rxe2 {[%clk 0:01:50]} Rxf3+
{[%clk 0:01:27]} 55. Rf2 {[%clk 0:02:05]} Rxf2+ {[%clk 0:01:06]} 56. Kxf2
{[%clk 0:02:32]} Rg8 {[%clk 0:00:45]} 57. Rxg8 {[%clk 0:02:03]} Kxg8
{[%clk 0:01:11]} 58. Ke3 {[%clk 0:02:24]} Ba4 {[%clk 0:00:58]} 59. Kd4
{[%clk 0:02:32]} Bxc2 {[%clk 0:01:22]} 60. Kc5 {[%clk 0:02:07]} Bf5
{[%clk 0:01:05]} 61. Kb4 {[%clk 0:00:42]} Kf7 {[%clk 0:00:42]} 62. Bd4
{[%clk 0:01:01]} Ke6 {[%clk 0:00:40]} 63. Kc5 {[%clk 0:01:28]} Kd7
{[%clk 0:00:40]} 64. h4 {[%clk 0:01:37]} Be4 {[%clk 0:00:42]} 65. h5
{[%clk 0:02:04]} Bf3 {[%clk 0:00:42]} 66. h6 {[%clk 0:02:31]} Be4
{[%clk 0:01:09]} 67. Be5 {[%clk 0:02:00]} Kc8 {[%clk 0:00:58]} 68. Kd6
{[%clk 0:02:15]} Kb8 {[%clk 0:01:20]} 69. Bd4 {[%clk 0:02:33]} Kc8
{[%clk 0:01:13]} 70. Bb6 {[%clk 0:02:51]} Kb8 {[%clk 0:00:47]} 71. Kd7
{[%clk 0:03:05]} Bd3 {[%clk 0:00:41]} 72. Ke6 {[%clk 0:03:24]} Kc8
{[%clk 0:00:45]} 73. Kxd5 {[%clk 0:00:41]} Kd7 {[%clk 0:01:11]} 74. Bc5
{[%clk 0:01:10]} Bh7 {[%clk 0:00:38]} 75. Ke5 {[%clk 0:01:15]} Kc6
{[%clk 0:00:38]} 76. Bb4 {[%clk 0:01:38]} Kd5+ 1-0

[Event "13th Khazar International Open Chess Tournament - "]
[Site "Rasht, Iran"]
[Date "2015.02.17"]
[Round "9"]
[Board "10"]
[White "Gholami, Aryan"]
[Black "Mammadov, Gulam"]
[Result "0-1"]
[WhiteElo "2325"]
[BlackElo "1877"]
[PlyCount "0"]
[EventDate "2015.02.11"]
[EventRounds "9"]
[EventCountry "IRI"]

1. d4 {[%clk 1:29:16]} Nf6 {[%clk 1:30:36]} 2. Nf3 {[%clk 1:28:53]} g6
{[%clk 1:30:51]} 3. Bf4 {[%clk 1:29:15]} Bg7 {[%clk 1:30:49]} 4. Nbd2
{[%clk 1:29:30]} O-O {[%clk 1:31:00]} 5. e4 {[%clk 1:28:11]} d6 {[%clk 1:24:51]}
6. Bd3 {[%clk 1:27:10]} Nc6 {[%clk 1:22:08]} 7. d5 {[%clk 1:13:41]} Nb8
{[%clk 1:21:56]} 8. Rb1 {[%clk 1:11:41]} e5 {[%clk 1:09:07]} 9. dxe6
{[%clk 1:11:54]} Bxe6 {[%clk 1:09:21]} 10. c4 {[%clk 1:11:12]} Bg4
{[%clk 1:08:14]} 11. O-O {[%clk 1:04:55]} Nc6 {[%clk 0:53:24]} 12. h3
{[%clk 0:57:09]} Bxf3 {[%clk 0:53:45]} 13. Nxf3 {[%clk 0:57:14]} Nd7
{[%clk 0:52:30]} 14. Be3 {[%clk 0:54:41]} Nc5 {[%clk 0:21:01]} 15. b4
{[%clk 0:53:39]} Ne6 {[%clk 0:21:14]} 16. Be2 {[%clk 0:51:55]} Bc3
{[%clk 0:17:56]} 17. b5 {[%clk 0:46:32]} Ne5 {[%clk 0:17:56]} 18. Ne1
{[%clk 0:46:08]} Nd7 {[%clk 0:16:28]} 19. Nc2 {[%clk 0:43:46]} Nec5
{[%clk 0:10:31]} 20. f3 {[%clk 0:43:19]} Bg7 {[%clk 0:06:29]} 21. Nb4
{[%clk 0:43:14]} Nb6 {[%clk 0:05:53]} 22. Qc2 {[%clk 0:37:17]} Qe7
{[%clk 0:05:22]} 23. Bf2 {[%clk 0:34:50]} Rae8 {[%clk 0:05:41]} 24. Rfe1
{[%clk 0:35:07]} Be5 {[%clk 0:05:03]} 25. g3 {[%clk 0:34:29]} h5 {[%clk 0:04:53]}
26. f4 {[%clk 0:34:07]} Bg7 {[%clk 0:05:22]} 27. Bf3 {[%clk 0:34:27]} h4
{[%clk 0:05:01]} 28. g4 {[%clk 0:33:26]} Qf6 {[%clk 0:04:53]} 29. Qc1
{[%clk 0:27:13]} Qc3 {[%clk 0:04:12]} 30. Qxc3 {[%clk 0:27:30]} Bxc3
{[%clk 0:04:41]} 31. Re2 {[%clk 0:27:59]} Bxb4 {[%clk 0:04:24]} 32. Rxb4
{[%clk 0:28:28]} Nd3 {[%clk 0:04:53]} 33. Reb2 {[%clk 0:26:48]} Nxf4
{[%clk 0:04:01]} 34. Be3 {[%clk 0:25:40]} Nd3 {[%clk 0:04:17]} 35. Bh6
{[%clk 0:25:54]} Nxb2 {[%clk 0:04:30]} 36. Rxb2 {[%clk 0:26:21]} Nxc4
{[%clk 0:04:54]} 37. Rc2 {[%clk 0:26:17]} Ne5 {[%clk 0:05:14]} 38. Be2
{[%clk 0:26:14]} Rc8 {[%clk 0:05:32]} 39. Bxf8 {[%clk 0:26:37]} Kxf8
{[%clk 0:06:01]} 40. Kf2 {[%clk 0:26:39]} g5 {[%clk 0:05:48]} 41. Ke3
{[%clk 0:26:53]} Ke7 {[%clk 0:06:11]} 42. Rc3 {[%clk 0:27:08]} Ng6
{[%clk 0:06:15]} 43. Ra3 {[%clk 0:26:51]} Ra8 {[%clk 0:06:06]} 44. Rc3
{[%clk 0:26:37]} Kd7 {[%clk 0:06:23]} 45. Bc4 {[%clk 0:26:58]} Ne5
{[%clk 0:06:41]} 46. Be2 {[%clk 0:26:53]} c6 {[%clk 0:05:37]} 47. Rc1
{[%clk 0:26:09]} Ng6 {[%clk 0:05:30]} 48. Bc4 {[%clk 0:26:08]} Nf4
{[%clk 0:04:59]} 49. bxc6+ {[%clk 0:25:48]} bxc6 {[%clk 0:05:21]} 50. Bxf7
{[%clk 0:26:11]} Rf8 {[%clk 0:05:37]} 51. Bb3 {[%clk 0:26:18]} Nxh3
{[%clk 0:04:53]} 52. Ba4 {[%clk 0:26:47]} Rc8 {[%clk 0:05:22]} 53. e5
{[%clk 0:27:16]} dxe5 {[%clk 0:04:50]} 54. Ke4 {[%clk 0:27:44]} Nf2+
{[%clk 0:04:30]} 55. Kf3 {[%clk 0:25:26]} Rf8+ {[%clk 0:04:36]} 56. Ke2
{[%clk 0:25:54]} Rf6 {[%clk 0:04:48]} 57. Bc2 {[%clk 0:24:24]} e4
{[%clk 0:04:17]} 58. Rb1 {[%clk 0:23:45]} Kc7 {[%clk 0:04:23]} 59. Rb4
{[%clk 0:21:04]} h3 {[%clk 0:04:39]} 60. Bxe4 {[%clk 0:21:30]} Nxe4
{[%clk 0:04:39]} 61. Rxe4 {[%clk 0:21:58]} Rh6 {[%clk 0:05:03]} 62. Ke1
{[%clk 0:21:47]} 0-1